|
|
|
|
| LEADER |
00000nab#a22000007a#4500 |
| 001 |
arbauad029336 |
| 003 |
AR-BaUAD |
| 005 |
20250711112356.0 |
| 008 |
971127|||||||||###||||||b###|0###a|spa|| |
| 040 |
|
|
|a AR-BaUAD
|c AR-BaUAD
|b spa
|
| 100 |
|
|
|a Briatore, Virginio
|
| 245 |
|
|
|a Dalla piccola alla grande serie /
|c Virginio Briatore;
|
| 300 |
0 |
|
|b fot.
|
| 500 |
|
|
|a Bagno 1997-98. -- Entrevista.
|
| 653 |
|
|
|a ITALIA
|
| 653 |
|
|
|a DISEÑADORES INDUSTRIALES
|
| 653 |
|
|
|a BULLO, ANTONIO
|
| 653 |
|
|
|a CUGLIARI, GIORGIO
|
| 653 |
|
|
|a MINUTI, FURIO
|
| 653 |
|
|
|a RAPISARDA, BRUNA
|
| 653 |
|
|
|a GARONI, VALENTINO
|
| 653 |
|
|
|a VELATI, ANDREA
|
| 653 |
|
|
|a PALAZZETTI, RUBEN
|
| 653 |
|
|
|a PROVINI, ALDO
|
| 653 |
|
|
|a EQUIPAMIENTO
|
| 653 |
|
|
|a BAÑOS
|
| 653 |
|
|
|a DISEÑO INDUSTRIAL
|
| 773 |
0 |
|
|t INTERNI ANNUAL BAGNO
|g no. 2 [oct. 1997], p. 26-33
|
| 942 |
|
|
|c ARTI
|
| 952 |
|
|
|0 0
|1 0
|4 0
|7 0
|9 74255
|a AR-BAuAD
|b AR-BAuAD
|d 2025-07-11
|l 0
|p AAQA029336
|r 2025-07-11 11:23:56
|w 2025-07-11
|y ARTI
|
| 990 |
|
|
|a DI199
|b TD
|
| 998 |
|
|
|a AAQ
|b BIBUN76
|
| 999 |
|
|
|c 53928
|d 53928
|